Los marcadores discursivos en la Cistellaria de Plauto
Shranjeno v:
| Glavni avtor: | |
|---|---|
| Format: | Neznan |
| Jezik: | Spanish |
| Izdano: |
Costa Rica
Universidad de Costa Rica
2015
|
| Teme: | |
| Oznake: |
Označite
Brez oznak, prvi označite!
|
MARC
| LEADER | 00000 a2200000 4500 | ||
|---|---|---|---|
| 008 | 190624b ||||| |||| 00| 0 spa d | ||
| 999 | |c 30740 |d 30740 | ||
| 040 | |a cru BVZT | ||
| 090 | |a TESIS 941 | ||
| 100 | |a Cerdas Fallas, Maricela | ||
| 245 | |a Los marcadores discursivos en la Cistellaria de Plauto |c Maricela Cerdas Fallas | ||
| 260 | |a Costa Rica |b Universidad de Costa Rica |c 2015 | ||
| 300 | |a 183 páginas | ||
| 630 | |l INGLÉS | ||
| 650 | 0 | |9 237 |a TRABAJO FINAL DE GRADUACIÓN | |
| 650 | 0 | |9 55 |a LINGÜÍSTICA | |
| 650 | 0 | |9 276 |a PLAUTO | |
| 653 | |a MAESTRÍA ACADÉMICA EN LINGÜÍSTICA | ||
| 653 | |a MARCADORES DISCURSIVOS |a CISTELLARIA | ||
| 942 | |c SALA |h TESIS 941 |2 z | ||
